MARC details
| 000 -LEADER |
| fixed length control field |
01051nam a2200373 a 4500 |
| 001 - CONTROL NUMBER |
| control field |
200466901 |
| 003 - CONTROL NUMBER IDENTIFIER |
| control field |
TR-AnTOB |
| 005 - DATE AND TIME OF LATEST TRANSACTION |
| control field |
20260114094119.0 |
| 007 - PHYSICAL DESCRIPTION FIXED FIELD--GENERAL INFORMATION |
| fixed length control field |
t |
| 008 - FIXED-LENGTH DATA ELEMENTS--GENERAL INFORMATION |
| fixed length control field |
070404s1993$$$$tu#a###$r01###$$$$#tur u |
| 020 ## - INTERNATIONAL STANDARD BOOK NUMBER |
| International Standard Book Number |
9754042500 |
| 040 ## - CATALOGING SOURCE |
| Language of cataloging |
tur |
| Description conventions |
rda |
| Transcribing agency |
TR-AnTOB |
| 041 0# - LANGUAGE CODE |
| Language code of text/sound track or separate title |
Türkçe |
| 044 ## - COUNTRY OF PUBLISHING/PRODUCING ENTITY CODE |
| ISO country code |
tu |
| 049 ## - LOCAL HOLDINGS (OCLC) |
| Holding library |
CÜ |
| 050 00 - LIBRARY OF CONGRESS CALL NUMBER |
| Classification number |
WV100.4 |
| 090 00 - LOCALLY ASSIGNED LC-TYPE CALL NUMBER (OCLC); LOCAL CALL NUMBER (RLIN) |
| Classification number (OCLC) (R) ; Classification number, CALL (RLIN) (NR) |
WV100.4 |
| Local cutter number (OCLC) ; Book number/undivided call number, CALL (RLIN) |
.Şe59 1993 k.2 |
| 100 1# - MAIN ENTRY--PERSONAL NAME |
| Personal name |
Şenocak, Fikri. |
| 245 10 - TITLE STATEMENT |
| Title |
Kulak burun boğaz’da semptom ve sendromlar |
| Statement of responsibility, etc. |
Fikri Şenocak. |
| 250 ## - EDITION STATEMENT |
| Edition statement |
[2. bs.] |
| 264 #1 - PRODUCTION, PUBLICATION, DISTRIBUTION, MANUFACTURE, AND COPYRIGHT NOTICE |
| Place of production, publication, distribution, manufacture |
İstanbul : |
| Name of producer, publisher, distributor, manufacturer |
[ İ.Ü.Cerrahpaşa Tıp Fak.], |
| Date of production, publication, distribution, manufacture, or copyright notice |
1993. |
| 300 ## - PHYSICAL DESCRIPTION |
| Extent |
XXXVIII, 749 s. : |
| Other physical details |
res. |
| 336 ## - CONTENT TYPE |
| Content type term |
metin |
| Content type code |
txt |
| Source |
rdacontent |
| 337 ## - MEDIA TYPE |
| Media type term |
aracısız |
| Media type code |
n |
| Source |
rdamedia |
| 338 ## - CARRIER TYPE |
| Carrier type term |
cilt |
| Carrier type code |
nc |
| Source |
rdacarrier |
| 490 1# - SERIES STATEMENT |
| Series statement |
Fakülte Yayın no ; |
| Volume/sequential designation |
172 |
|
| Series statement |
Üniversite Yayın no ; |
| Volume/sequential designation |
3673. |
| 650 #0 - SUBJECT ADDED ENTRY--TOPICAL TERM |
| Topical term or geographic name entry element |
Kulak-Burun-Boğaz Hastalıkları |
| 830 1# - SERIES ADDED ENTRY--UNIFORM TITLE |
| Uniform title |
Fakülte Yayın no ; |
| Volume/sequential designation |
172 |
|
| Uniform title |
Üniversite Yayın no ; |
| Volume/sequential designation |
3673. |
| 902 ## - LOCAL DATA ELEMENT B, LDB (RLIN) |
| a |
0026545 |
| 942 ## - ADDED ENTRY ELEMENTS (KOHA) |
| Source of classification or shelving scheme |
Library of Congress Classification |
| Koha item type |
Book |